Centro América: Zona de conmociones
Uloženo v:
| Hlavní autor: | |
|---|---|
| Médium: | Text |
| Vydáno: |
Moscú:
de la Agencia de prensa Novosti
|
| Tagy: |
Přidat tag
Žádné tagy, Buďte první, kdo vytvoří štítek k tomuto záznamu!
|
MARC
| LEADER | 00000 a a2200000 04500 | ||
|---|---|---|---|
| 001 | 24455 | ||
| 003 | |||
| 040 | |||
| 090 | |a 166800 | ||
| 100 | |a Dolgov, Vladimir | ||
| 245 | |a Centro América: Zona de conmociones | ||
| 260 | |a Moscú: |b de la Agencia de prensa Novosti | ||
| 300 | |a 78 p. | ||
| 999 | |c 1554 |d 1554 | ||
